<?xml version="1.0" encoding="UTF-8"?>
<marc:record xmlns:marc="http://www.loc.gov/MARC21/slim">
   <marc:leader>00000nam a2200000 a 4500</marc:leader>
   <marc:datafield ind1="1" ind2=" " tag="100">
      <marc:subfield code="a">Ludwig, Sabine</marc:subfield>
      <marc:subfield code="4">aut</marc:subfield>
      <marc:subfield code="e">Verfasser/-in</marc:subfield>
   </marc:datafield>
   <marc:datafield ind1="0" ind2="0" tag="245">
      <marc:subfield code="a">Ida und der Schatz in der Badewanne</marc:subfield>
   </marc:datafield>
   <marc:datafield ind1="0" ind2="0" tag="245">
      <marc:subfield code="c">Sabine Ludwig. Mit Bildern von Miriam Cordes</marc:subfield>
   </marc:datafield>
   <marc:datafield ind1=" " ind2="1" tag="264">
      <marc:subfield code="a">Hamburg</marc:subfield>
      <marc:subfield code="b">Carlsen</marc:subfield>
      <marc:subfield code="c">2015</marc:subfield>
   </marc:datafield>
   <marc:datafield ind1="1" ind2=" " tag="490">
      <marc:subfield code="a">Ida-Geschichten kann ich selber lesen</marc:subfield>
   </marc:datafield>
   <marc:datafield ind1="1" ind2=" " tag="520">
      <marc:subfield code="a">Ida ist clever, mutig und ein Mädchen. Natürlich! Oder kennt ihr etwa einen Jungen, der Ida heißt? Meistens ist Ida fröhlich und manchmal auch ein wenig nachdenklich. Heute überlegt sich Ida, was sie später einmal werden möchte. Auf jeden Fall berühmt! Aber womit? Tennis oder Flöte spielen kann sie nicht. Zum Malen hat sie keine Geduld. Aber vielleicht könnte Ida eine weltbekannte Schatztaucherin werden? Eine fröhliche Geschichte für alle Kinder, die schon gerne selber lesen. Eine neue Reihe für Erstleser von Bestseller-Autorin Sabine Ludwig. Ida-Geschichten kann ich selber lesen! (Verlagstext)</marc:subfield>
   </marc:datafield>
   <marc:datafield ind1=" " ind2=" " tag="020">
      <marc:subfield code="a">9783551068019</marc:subfield>
      <marc:subfield code="9">9783551068019</marc:subfield>
   </marc:datafield>
   <marc:datafield ind1=" " ind2=" " tag="041">
      <marc:subfield code="a">ger</marc:subfield>
   </marc:datafield>
   <marc:datafield ind1=" " ind2=" " tag="300">
      <marc:subfield code="a">48 S. : Ill.</marc:subfield>
   </marc:datafield>
</marc:record>
